UGC CSIR NET/JRF/SLET physics / (Record no. 127574)

MARC details
000 -LEADER
fixed length control field 00719nam a22002537a 4500
003 - CONTROL NUMBER IDENTIFIER
control field dpl
005 - DATE AND TIME OF LATEST TRANSACTION
control field 20190906180957.0
008 - FIXED-LENGTH DATA ELEMENTS--GENERAL INFORMATION
fixed length control field 190906b ||||| |||| 00| 0 eng d
010 ## - LIBRARY OF CONGRESS CONTROL NUMBER
LC control number B-168634, B-131216
020 ## - INTERNATIONAL STANDARD BOOK NUMBER
Terms of availability 245.00
035 ## - SYSTEM CONTROL NUMBER
System control number B-168634
035 ## - SYSTEM CONTROL NUMBER
System control number B-131216
037 ## - SOURCE OF ACQUISITION
Source of stock number/acquisition Cen Lib/Ret
040 ## - CATALOGING SOURCE
Original cataloging agency DPL
Language of cataloging EN
Transcribing agency dpl
082 ## - DEWEY DECIMAL CLASSIFICATION NUMBER
Classification number 530
Item number SIN
100 ## - MAIN ENTRY--PERSONAL NAME
Personal name Singh, Surekha
9 (RLIN) 20888
245 ## - TITLE STATEMENT
Title UGC CSIR NET/JRF/SLET physics /
Statement of responsibility, etc by Surekha Singh
260 ## - PUBLICATION, DISTRIBUTION, ETC. (IMPRINT)
Place of publication, distribution, etc Agra
Name of publisher, distributor, etc Upkar prakashan
Date of publication, distribution, etc ?
270 ## - ADDRESS
Address 2/11A,Swadeshi Bima Nagar
City Agra
Postal code 282002
300 ## - PHYSICAL DESCRIPTION
Extent Various pages
Dimensions 23cm(Hb)
650 ## - SUBJECT ADDED ENTRY--TOPICAL TERM
Topical term or geographic name as entry element Physic
9 (RLIN) 20889
650 ## - SUBJECT ADDED ENTRY--TOPICAL TERM
Topical term or geographic name as entry element Competition examination
9 (RLIN) 20890
942 ## - ADDED ENTRY ELEMENTS (KOHA)
Source of classification or shelving scheme Dewey Decimal Classification
Koha item type English Books
Classification part 530
Call number suffix SIN
Holdings
Withdrawn status Lost status Damaged status Not for loan Home library Current library Date acquired Source of acquisition Cost, normal purchase price Total Checkouts Full call number Barcode Date last seen Date checked out Copy number Cost, replacement price Price effective from Koha item type Source of classification or shelving scheme Collection code Total Renewals
        Central Library Central Library 29/06/2015 Cen Lib/Ret 245.00 4 530 SIN B-168634 09/02/2019 09/01/2019 1 245.00 29/06/2015 English Books      
        R.K.Puram-8 R.K.Puram-8 06/09/2019 BPPD/Purchase 245.00 1 530 SIN B-131216 29/10/2019 06/09/2019 1 245.00 06/09/2019 English Books Dewey Decimal Classification Non-fiction 2

© Delhi Public Library
Hit Counter
free hit counter